Municipios del Valle del Cauca - Map Quiz - Estadísticas

Estadísticas generales
  • Esta prueba ha sido intentada 1.802 veces
  • La puntuación promedio es 31 de 42
Respuestas en el mapa
Las respuestas están codificadas por una escala verde-roja en el mapa de la prueba según el % correcto abajo.
 
Estadísticas de respuestas
Hint Hint Respuesta % Correcto
CA CA CALI
98%
BU BU BUENAVENTURA
97%
BU BU BUGA
96%
PA PA PALMIRA
95%
TU TU TULUA
93%
JA JA JAMUNDI
90%
YU YU YUMBO
89%
CA CA CARTAGO
88%
BU BU BUGALAGRANDE
87%
DA DA DARIEN
79%
ZA ZA ZARZAL
79%
SE SE SEVILLA
78%
CA CA CANDELARIA
76%
EL EL EL CERRITO
76%
FL FL FLORIDA
76%
RO RO ROLDANILLO
76%
CA CA CAICEDONIA
75%
LA LA LA UNION
75%
AN AN ANDALUCIA
73%
PR PR PRADERA
73%
AN AN ANSERMANUEVO
71%
DA DA DAGUA
71%
TO TO TORO
71%
YO YO YOTOCO
71%
OB OB OBANDO
70%
GU GU GUACARI
67%
GI GI GINEBRA
66%
VI VI VIJES
66%
EL EL EL AGUILA
65%
RE RE RESTREPO
65%
AL AL ALCALA
64%
EL EL EL CAIRO
63%
EL EL EL DOVIO
63%
LA LA LA VICTORIA
61%
LA LA LA CUMBRE
60%
RI RI RIOFRIO
59%
VE VE VERSALLES
59%
TR TR TRUJILLO
58%
BO BO BOLIVAR
57%
SA SA SAN PEDRO
56%
UL UL ULLOA
56%
AR AR ARGELIA
53%
No se encontraron pruebas coincidentes
Distribución de puntuación
Porcentaje de gente con cada puntuación
Porcentaje por número respondido
Historial de tus puntuaciones
No has intentado esta prueba.